First level subdivisions of western Europe - Statistics

General Stats
  • This quiz has been taken 32 times
    18 since last reset
  • The average score is 121 of 229
Answer Stats
Country Subdivision % Correct
Germany Baden-Württemberg
100%
Germany Bayern
100%
Germany Berlin
100%
Germany Brandenburg
100%
Germany Bremen
100%
Spain Cataluña
100%
Spain Galicia
100%
Germany Hamburg
100%
Germany Hessen
100%
Spain Madrid
100%
Germany Mecklenburg-Vorpommern
100%
Germany Niedersachsen
100%
Germany Rheinland-Pfalz
100%
Germany Saarland
100%
Germany Sachsen
100%
Germany Sachsen-Anhalt
100%
Germany Schleswig-Holstein
100%
Germany Thüringen
100%
Spain Valencia
100%
Spain Andalusia
93%
Spain Aragón
93%
Spain Asturia
93%
Spain Castilla-La Mancha
93%
United kingdom England
93%
Spain Extremadura
93%
Spain Islas Baleares
93%
United kingdom Isle of Man
93%
Germany Nordrhein-Westfahlen
93%
United kingdom Northern Ireland
93%
Italy Sardinia
93%
United kingdom Scotland
93%
United kingdom Wales
93%
Austria Wien
93%
Spain Basque-Country
86%
Spain Canary Islands
86%
Spain Cantabria
86%
Spain Castile and León
86%
United Kingdom Gibraltar
86%
United kingdom Guernsey
86%
United kingdom Jersey
86%
Portugal Lisbon
86%
Italy Lombardy
86%
Austria Niederösterreich
86%
Austria Oberösterreich
86%
Austria Salzburg
86%
Italy Sicily
86%
Austria Tirol
86%
Italy Veneto
86%
Austria Burgenland
79%
Spain La Rioja
79%
Italy Lazio
79%
Spain Murcia
79%
Spain Navarra
79%
Netherlands Noord-Holland
79%
Portugal Porto
79%
Austria Steiermark
79%
Italy Tuscany
79%
Austria Vorarlberg
79%
Netherlands Zuid-Holland
79%
Italy Abruzzo
71%
Italy Aosta Valley
71%
Portugal Azores
71%
Switzerland Bern
71%
Belgium Brussels
71%
Portugal Faro
71%
Netherlands Friesland
71%
Austria Kärnten
71%
Belgium | Luxembourg Luxembourg
71%
Monaco Monaco-Ville
71%
Italy Piedmont
71%
Italy Trentino-Alto-Adige
71%
Italy Umbria
71%
Netherlands Zeeland
71%
Andorra Andorra la Vella
64%
Italy Basilicata
64%
France Bretagne
64%
Italy Calabria
64%
France Corse
64%
France Île-de-France
64%
Italy Liguria
64%
Italy Marche
64%
Italy Molise
64%
Netherlands Noord-Brabant
64%
France Normandie
64%
France Provence-Alpes-Cote D'Azur
64%
Italy Puglia
64%
Netherlands Utrecht
64%
Portugal Beja
57%
Portugal Braga
57%
Italy Campania
57%
France Centre-val-de-Loire
57%
Ireland Cork
57%
Netherlands Drenthe
57%
Netherlands Gelderland
57%
Switzerland Genève
57%
France Grand Est
57%
Netherlands Groningen
57%
France Hauts-de-France
57%
Belgium Limbourg
57%
Netherlands Limburg
57%
Switzerland Luzern
57%
Portugal Madeira
57%
France Occitanie
57%
Netherlands Overijssel
57%
Portugal Portalegre
57%
Liechtenstein Vaduz
57%
Portugal Vila Real
57%
Switzerland Zurich
57%
Belgium Antwerpen
50%
France Auvergne-Rhône-Alpes
50%
Portugal Aveiro
50%
France Bourgogne-Franche-Comte
50%
Portugal Castelo Branco
50%
Ireland Dublin
50%
Italy Emilia-Romagna
50%
Portugal Évora
50%
Netherlands Flevoland
50%
Italy Friuli-Venezia Giulia
50%
Portugal Guarda
50%
Belgium Liège
50%
Monaco Monte-Carlo
50%
France Nouvelle-Aquitaine
50%
Belgium Oost-Vlaandeeren
50%
San Marino San Marino
50%
Portugal Santarém
50%
Portugal Setúbel
50%
Switzerland Ticino
50%
Portugal Viana do Castelo
50%
Portugal Viseu
50%
Belgium Vlaams-Brabant
50%
Belgium West Vlaandeeren
50%
Switzerland Aargau
43%
Belgium Brabant Wallon
43%
Portugal Coimbra
43%
Ireland Galway
43%
Switzerland Graubünden
43%
Belgium Hainaut
43%
Monaco Jardin éxotique
43%
Switzerland Jura
43%
Portugal Leiria
43%
France Pays de la Loire
43%
Switzerland Schaffhausen
43%
Switzerland Schwyz
43%
Switzerland Uri
43%
Switzerland Valais/Wallis
43%
Switzerland Zug
43%
Switzerland Appenzell-Ausserrhoden
36%
Switzerland Appenzell-Innerrhoden
36%
Switzerland Basel-Landschaft
36%
Luxembourg Capellen
36%
Luxembourg Clervaux
36%
Monaco La Condamine
36%
Belgium Namur
36%
Switzerland Neuchâtel
36%
Switzerland Nidwalden
36%
Switzerland Obwalden
36%
Andorra Sant Julià de Lòria
36%
Liechtenstein Schaan
36%
Liechtenstein Schellenberg
36%
Switzerland Solothurn
36%
Liechtenstein Triesen
36%
Liechtenstein Triesenberg
36%
Switzerland Basel-Stadt
29%
Luxembourg Diekirch
29%
Luxembourg Echternach
29%
Andorra Escaldes-Engordany
29%
Luxembourg Esch-sur-Alzette
29%
Monaco Fontvieille
29%
Switzerland Fribourg/Freiburg
29%
Switzerland Glarus
29%
Ireland Kerry
29%
Andorra La Massana
29%
Monaco La Róusse/Saint Roman
29%
Monaco Le Larvotto
29%
Luxembourg Mersch
29%
Andorra Ordino
29%
Liechtenstein Planken
29%
Monaco Ravin de Sainte-Dévote
29%
Luxembourg Redange
29%
Liechtenstein Ruggell
29%
Switzerland St. Gallen
29%
Switzerland Thurgau
29%
Switzerland Vaud
29%
Luxembourg Vianden
29%
San Marino Acquaviva
21%
Liechtenstein Balzers
21%
Andorra Canillo
21%
San Marino Domagnano
21%
Andorra Encamp
21%
Liechtenstein Eschen
21%
San Marino Fiorentino
21%
Liechtenstein Gamprin
21%
Luxembourg Grevenmacher
21%
Monaco Les Moneghetti
21%
Ireland Limerick
21%
Ireland Louth
21%
Liechtenstein Mauren
21%
Ireland Mayo
21%
San Marino Montegiardino
21%
Ireland South Dublin
21%
Ireland Waterford
21%
Luxembourg Wiltz
21%
Portugal Braganca
14%
Ireland Cavan
14%
San Marino Chiesanuova
14%
Ireland Clare
14%
Ireland Meath
14%
Luxembourg Rémich
14%
San Marino Serravalle
14%
Ireland Westmeath
14%
Ireland Wexford
14%
Ireland Wicklow
14%
San Marino Borgo Maggiore
7%
Ireland Donegal
7%
Ireland Dún Laoghaire-Rathdown
7%
San Marino Faetano
7%
Ireland Kilkenny
7%
Ireland Longford
7%
Ireland Monaghan
7%
Ireland Roscommon
7%
Ireland Carlow
0%
Ireland Fingal
0%
Ireland Kildare
0%
Ireland Laois
0%
Ireland Leitrim
0%
Ireland Offaly
0%
Ireland Sligo
0%
Ireland Tipperary
0%
No matching quizzes found
Score Distribution
Percent of People with Each Score
Percentile by Number Answered
Your Score History
You have not taken this quiz since the last reset